[Event "Titled Tue 26th Nov Late"]
[Site "chess.com INT"]
[Date "2024.11.26"]
[Round "8"]
[White "Nakamura,Hi"]
[Black "Esipenko,Andrey"]
[Result "0-1"]
[WhiteElo "2802"]
[BlackElo "2682"]

1.b3 c5 2.Bb2 Nc6 3.Nf3 Nf6 4.e3 g6 5.Bxf6 exf6 6.c3 f5 7.g3 d6 8.Bg2 Bg7
9.d4 O-O 10.O-O Qc7 11.Nbd2 b6 12.Ng5 Bb7 13.Nh3 Ne7 14.Rc1 Rad8 15.Nf4 Bh6
16.Nd3 Nd5 17.Re1 Nf6 18.Nf4 Rfe8 19.Nd3 Ne4 20.Nxe4 fxe4 21.Nf4 d5 22.Ne2 a5
23.Qc2 Ba6 24.Rcd1 cxd4 25.Nxd4 Rc8 26.Rc1 Qd6 27.Bf1 Bb7 28.Qd2 Bg7 29.Red1 Rc5
30.c4 Rec8 31.Ne2 Qf8 32.Nf4 dxc4 33.Rxc4 Be5 34.a4 R8c7 35.Rxc5 Qxc5 36.Bc4 Kg7
37.Ne2 Bc6 38.Rc1 Rd7 39.Qe1 Qd6 40.Nc3 Qf6 41.Nb1 h5 42.Bf1 h4 43.Bg2 Bd5
44.Nd2 Bc3 45.Qe2 Bxd2 46.Qxd2 Be6 47.Qc2 Rd3 48.Rb1 Qe5 49.Bf1 Rc3 50.Qd1 hxg3
51.hxg3 Qc5 52.Qd2 Qb4 53.Bg2 Rxb3 54.Qxb4 Rxb4 55.Ra1 Bd7 56.Rd1 Bxa4 57.Rd6 Bb3
58.Rd7 a4 59.Ra7 Rb5 60.Kf1 Ra5 61.Rc7 a3 62.Rc1 a2 63.Ra1 Bc2 64.Ke2 Bb1
65.Kd2 Rc5 66.Bf1 b5 67.Be2 b4 68.Bd1 Rc3 69.Bb3 Rxb3  0-1

[Event "Titled Tue 26th Nov Late"]
[Site "chess.com INT"]
[Date "2024.11.26"]
[Round "9"]
[White "Yoo,Christopher Woojin"]
[Black "Nakamura,Hi"]
[Result "1-0"]
[WhiteElo "2588"]
[BlackElo "2802"]

1.e4 g6 2.d4 c6 3.Nc3 d5 4.Nf3 Bg4 5.exd5 cxd5 6.Bb5+ Nc6 7.Ne5 Bxd1 8.Nxc6 Qb6
9.Ne5+ Kd8 10.Nxf7+ Kc8 11.Kxd1 Bg7 12.Nxh8 Bxh8 13.Bd3 Qxd4 14.Be3 Qg4+
15.Ne2 e5 16.h3 Qxg2 17.Ng3 Qf3+ 18.Be2 Qf7 19.Rf1 Kc7 20.f4 Qe7 21.a4 d4
22.Bd2 e4 23.Ra3 Rd8 24.f5 e3 25.Be1 Nf6 26.fxg6 hxg6 27.Bd3 Kb8 28.Rb3 Nd5
29.Ne2 Be5 30.Bxg6 Nf6 31.a5 a6 32.Bh4 Qe6 33.Bf5 Qd5 34.Ra3 Rh8 35.Be1 Ne8
36.Bd3 Nd6 37.Rb3 Ka8 38.h4 Ne4 39.Rf5 Nc5 40.Ra3 Nxd3 41.Rxd3 Re8 42.h5 Qe4
43.Rf7 Rh8 44.Re7 Rxh5 45.Rxd4 Qc6 46.Rd8+ Ka7 47.Ree8 b6 48.Re7+ Bc7 49.Rc8 Rd5+
50.Kc1 Rd7 51.Nd4 Qd5 52.Rxc7+ Rxc7 53.Rxc7+ Kb8 54.axb6 Qxd4 55.Bg3 Qd2+
56.Kb1 Qd1+ 57.Ka2 Qd5+ 58.b3 e2 59.Re7+ Kc8 60.b7+ Kd8 61.b8=Q+ Kxe7 62.Qc7+ Ke8
63.Qc3 Qd1 64.Kb2 Kd7 65.Qe5 Kc6 66.Qc7+ Kd5 67.Qd7+ Ke4 68.Qg4+ Kd5 69.Qf5+ Kc6
70.Qe6+ Kb7 71.Qe4+ Kb6 72.Bf2+ Kc7 73.Qe6 a5 74.Bb6+ Kb7 75.Bxa5 Qd4+ 76.Bc3 Qd1
77.Qe4+ Kb6 78.Qe3+ Kb5 79.Bd2 Kc6 80.c4 Kd6 81.b4 Kc6 82.b5+ Kd6 83.Bb4+ Kd7
84.Qe7+ Kc8 85.Qe8+ Kc7 86.Ba5+ Kd6 87.Bb4+ Kc7 88.Qe7+ Kc8 89.b6 Qd4+ 90.Bc3 Qxb6+
91.Kc2 Qg6+ 92.Kd2 Qg4 93.Qxe2 Qf4+ 94.Kc2 Qf5+ 95.Qd3 Qf2+ 96.Bd2 Qa7 97.Qf5+  1-0

[Event "Titled Tue 26th Nov Early"]
[Site "chess.com INT"]
[Date "2024.11.26"]
[Round "9"]
[White "Nakamura,Hi"]
[Black "Ibrahimli,Murad"]
[Result "1-0"]
[WhiteElo "2802"]
[BlackElo "2415"]

1.b3 e5 2.Bb2 Nc6 3.e3 a6 4.Nf3 e4 5.Nd4 Nxd4 6.Bxd4 Nf6 7.d3 exd3 8.Bxd3 d5
9.Nd2 Bd6 10.c4 dxc4 11.Nxc4 Bb4+ 12.Ke2 O-O 13.a3 Be7 14.Qc2 h6 15.Rhd1 Qe8
16.b4 Bd7 17.Rdc1 Ba4 18.Qb2 Bb5 19.Qb3 Ba4 20.Qb2 Bb5 21.Kf1 Rd8 22.Be2 Qd7
23.a4 Bxc4 24.Bxc4 Qf5 25.Kg1 c6 26.f3 Qg5 27.Kh1 Nd5 28.f4 Qg6 29.a5 Rd7
30.Qf2 Rfd8 31.f5 Qg5 32.Ra3 Bxb4 33.Rb3 c5 34.Bb2 Nf6 35.Qf3 Rd2 36.Rg1 Ng4
37.h3 Nf2+ 38.Kh2 Rc2 39.Be5 Rdd2 40.Bf1 Qe7 41.Bf4 Qe4 42.Qg3 Qxf5 43.Bxh6 Ne4
44.Qxg7+  1-0

[Event "Titled Tue 26th Nov Late"]
[Site "chess.com INT"]
[Date "2024.11.26"]
[Round "10"]
[White "Nakamura,Hi"]
[Black "Rustemov,A"]
[Result "0-1"]
[WhiteElo "2802"]
[BlackElo "2525"]

1.h4 d5 2.d4 Nf6 3.Bf4 c5 4.e3 Nc6 5.c3 Qb6 6.Qb3 c4 7.Qxb6 axb6 8.Na3 e6
9.Nb5 Kd7 10.f3 Ne8 11.e4 Nd6 12.Nxd6 Bxd6 13.Bxd6 Kxd6 14.e5+ Ke7 15.a3 b5
16.Rd1 Bd7 17.h5 h6 18.f4 b4 19.axb4 Ra2 20.Rd2 Rha8 21.Be2 Ra1+ 22.Bd1 Rb1
23.g4 Ra2 24.Rhh2 Na7 25.Nh3 Ba4 26.Nf2 Nc8 27.g5 Nb6 28.gxh6 gxh6 29.Ng4 Raa1
30.Ne3 Bb3 31.Ke2 Na4 32.Bxb3 cxb3 33.Kf3 Ra2 34.Nd1 Nb6 35.Ne3 Na4 36.c4 Rbxb2
37.Rxb2 Rxb2 38.Rxb2 Nxb2 39.cxd5 exd5 40.Nxd5+ Kd7 41.Ke4 Nc4 42.Kd3 b2
43.Kc2 Ke6 44.Nf6 Kf5 45.d5 Kxf4 46.d6 Nb6 47.Nd5+ Nxd5 48.d7 Nxb4+  0-1

[Event "Titled Tue 26th Nov Early"]
[Site "chess.com INT"]
[Date "2024.11.26"]
[Round "10"]
[White "Lazavik,Denis"]
[Black "Nakamura,Hi"]
[Result "1-0"]
[WhiteElo "2578"]
[BlackElo "2802"]

1.d4 g6 2.c4 c5 3.d5 Bg7 4.e4 d6 5.h3 Nf6 6.Nc3 O-O 7.Bd3 Na6 8.Nf3 e5 9.g4 Nc7
10.Be3 h5 11.Nh2 a6 12.a4 Rb8 13.Bg5 hxg4 14.Nxg4 Nce8 15.Qf3 Qb6 16.O-O-O Nh5
17.Nh6+ Kh7 18.Nf5 Bf6 19.h4 Qd8 20.Rdg1 Neg7 21.Nxg7 Kxg7 22.Qe3 Rh8 23.Ne2 Bd7
24.f4 Qe7 25.Bxf6+ Nxf6 26.fxe5 dxe5 27.Ng3 Kf8 28.h5 gxh5 29.Rf1 Ng4 30.Qf3 Ke8
31.Nxh5 Kd8 32.Kb1 Kc7 33.Bc2 Rh6 34.Ng3 Rxh1 35.Rxh1 Rg8 36.Rf1 f6 37.Qe2 Nh6
38.Qe3 Nf7 39.Nh5 Rg6 40.a5 Be8 41.Qf2 Ng5 42.Nxf6 Nh3 43.Nxe8+ Qxe8 44.Qxc5+ Kd7
45.Rf8  1-0

[Event "Titled Tue 26th Nov Late"]
[Site "chess.com INT"]
[Date "2024.11.26"]
[Round "11"]
[White "Skatchkov,Valery"]
[Black "Nakamura,Hi"]
[Result "0-1"]
[WhiteElo "2248"]
[BlackElo "2802"]

1.d4 a5 2.c4 c6 3.Nc3 d5 4.Nf3 dxc4 5.a4 Bg4 6.Ne5 Be6 7.e3 Na6 8.Bxc4 Bxc4
9.Nxc4 Nb4 10.O-O e6 11.f4 Nf6 12.f5 exf5 13.Rxf5 Be7 14.e4 O-O 15.Be3 Ne8
16.d5 Nd6 17.Bb6 Qb8 18.Nxd6 Bxd6 19.Qg4 c5 20.e5 Bxe5 21.Bxc5 Bxh2+ 22.Kh1 Re8
23.Bd4 g6 24.Rh5 Be5 25.Rxe5 Rxe5 26.Rf1  0-1

[Event "Titled Tue 26th Nov Early"]
[Site "chess.com INT"]
[Date "2024.11.26"]
[Round "11"]
[White "Nakamura,Hi"]
[Black "Bluebaum,M"]
[Result "0-1"]
[WhiteElo "2802"]
[BlackElo "2654"]

1.b3 d5 2.Bb2 e6 3.Nf3 Nf6 4.g3 Bd6 5.Bg2 O-O 6.O-O Nc6 7.d4 a5 8.c4 a4 9.Nbd2 a3
10.Bc3 Bb4 11.Qc2 Bxc3 12.Qxc3 Ne4 13.Qe3 f5 14.Rfc1 Qf6 15.Nb1 Rd8 16.Nc3 dxc4
17.Nb5 cxb3 18.Qxb3 Qe7 19.e3 Ra5 20.Rab1 h6 21.h4 Kh7 22.Nc3 Nxc3 23.Qxc3 Ra7
24.Qc5 Qxc5 25.Rxc5 Bd7 26.Ne1 e5 27.d5 b6 28.Rc3 Ne7 29.Nd3 e4 30.Nb4 Be8
31.g4 g6 32.h5 Nxd5 33.Nxd5 Rxd5 34.Rbb3 Kg7 35.Rxa3 Rxa3 36.Rxa3 Ra5 37.Rxa5 bxa5
38.hxg6 Kxg6 39.gxf5+ Kxf5 40.f3 exf3 41.Bxf3 Ke5 42.Kf2 Bf7 43.a3 Bd5 44.Bd1 c5
45.Ke2 h5 46.Kf2 h4 47.Bc2  0-1

[Event "Titled Tue 3rd Dec Early"]
[Site "chess.com INT"]
[Date "2024.12.03"]
[Round "1"]
[White "Namitbir,Singh Walia"]
[Black "Nakamura,Hi"]
[Result "0-1"]
[WhiteElo "2347"]
[BlackElo "2802"]

1.e4 g6 2.d4 c5 3.Nf3 cxd4 4.Nxd4 Bg7 5.c4 Qb6 6.Nb3 Nc6 7.Be3 Qd8 8.Qd2 a5
9.Nc3 a4 10.Nd4 a3 11.b3 Nf6 12.Be2 Qa5 13.O-O Nxe4 14.Nxe4 Qxd2 15.Nxd2 Nxd4
16.Bxd4 Bxd4 17.Rad1 b6 18.Bf3 Ra7 19.Rfe1 Kf8 20.Ne4 Bb2 21.c5 bxc5 22.Nxc5 d6
23.Na4 Kg7 24.g4 Be6 25.h3 Rb8 26.Bd5 Bc8 27.Nxb2 axb2 28.Rb1 e6 29.Bc4 d5
30.Bf1 Rxa2 31.Re3 d4 32.Rd3 e5  0-1

[Event "Titled Tue 3rd Dec Late"]
[Site "chess.com INT"]
[Date "2024.12.03"]
[Round "1"]
[White "Martinez Pla,Xavier"]
[Black "Nakamura,Hi"]
[Result "0-1"]
[WhiteElo "2261"]
[BlackElo "2802"]

1.e4 g6 2.d4 c6 3.Nf3 d5 4.e5 Bg4 5.Bd3 e6 6.Nbd2 c5 7.c3 Nc6 8.h3 Bf5 9.Bb5 h5
10.dxc5 Bxc5 11.Nb3 Bb6 12.Nbd4 Rc8 13.O-O Qc7 14.Bxc6+ bxc6 15.Bg5 Be4 16.Re1 Qd7
17.Nd2 Bf5 18.Qf3 c5 19.Nxf5 gxf5 20.Rad1 Qc6 21.Qg3 Ne7 22.Bxe7 Kxe7 23.Qg5+ Kf8
24.Re3 Bd8 25.Qf4 h4 26.Nf3 Be7 27.b4 Qa4 28.Rb1 a5 29.Ree1 cxb4 30.cxb4 Rc4
31.Qe3 axb4 32.Qb6 Kg7 33.Qe3 Re4 34.Qd2 Rc8 35.Nd4 Qa7 36.Nb3 Rc3 37.Kh1 Rec4
38.Re2 f4 39.f3 Re3 40.Rbe1 d4 41.Rd1 Qc7 42.Nxd4 Rxd4 43.Qxd4 Rxe2 44.Qxf4 Qc2
45.Qg4+ Qg6 46.Qxg6+ Kxg6  0-1

[Event "Titled Tue 3rd Dec Early"]
[Site "chess.com INT"]
[Date "2024.12.03"]
[Round "2"]
[White "Nakamura,Hi"]
[Black "Schekachikhin,Maksim"]
[Result "1-0"]
[WhiteElo "2802"]
[BlackElo "2385"]

1.b3 d5 2.Bb2 Nf6 3.d3 e6 4.Nd2 Be7 5.e4 O-O 6.g3 a5 7.a3 Nc6 8.Ngf3 b6 9.e5 Nd7
10.Bh3 a4 11.b4 Ncb8 12.O-O c5 13.b5 h6 14.c4 Bb7 15.Qe2 Re8 16.Bg2 Nf8 17.h4 Nbd7
18.Rfe1 Qc7 19.Nh2 Rad8 20.Ng4 d4 21.h5 Bxg2 22.Kxg2 f5 23.exf6 Nxf6 24.Nxf6+ Bxf6
25.Ne4 Qf7 26.Bc1 Nh7 27.Bf4 e5 28.Bd2 Be7 29.Rh1 Rf8 30.f3 Qe6 31.Rae1 Rf7
32.Nf2 Bd6 33.f4 Qf5 34.g4 Qd7 35.f5 Re8 36.Ne4 Be7 37.Ref1 Bf6 38.Kf2 Kf8
39.Ke1 Ke7 40.Qd1 Kd8 41.Qxa4 Qb7 42.Nd6  1-0

[Event "Titled Tue 3rd Dec Late"]
[Site "chess.com INT"]
[Date "2024.12.03"]
[Round "2"]
[White "Nakamura,Hi"]
[Black "Rogov,Matfey"]
[Result "1-0"]
[WhiteElo "2802"]
[BlackElo "2291"]

1.b3 e5 2.Bb2 Nc6 3.e3 d5 4.Bb5 Ne7 5.Bxe5 a6 6.Bxc6+ Nxc6 7.Bb2 Qg5 8.Kf1 Bg4
9.Nf3 Qg6 10.d3 Bd6 11.Nbd2 O-O-O 12.h3 Bd7 13.a3 f5 14.g3 Rde8 15.Nh4 Qh6
16.Ng2 Rhf8 17.h4 g5 18.Kg1 g4 19.d4 Ne7 20.c4 c6 21.a4 Ng8 22.cxd5 Nf6 23.Nc4 Nxd5
24.Nxd6+ Qxd6 25.Ba3 Nb4 26.Kh2 a5 27.Qd2 f4 28.Nxf4 Re4 29.Bxb4 axb4 30.Rac1 Rfxf4
31.exf4 Rxd4 32.Qe3 Rd2 33.Rhe1 Bf5 34.Re2 Rd3 35.Qe8+ Kc7 36.Qe5 Bg6 37.f5 Bf7
38.Qg7 Qd7 39.f6 Kb6 40.Qg5 Rd5 41.Qe3+ Ka6 42.Qe7 Qf5 43.Qxf7 Qf3 44.Qe6 Rd6
45.Qc4+ b5 46.axb5+ cxb5 47.Qc8+ Kb6 48.Qc7+  1-0

[Event "Titled Tue 3rd Dec Early"]
[Site "chess.com INT"]
[Date "2024.12.03"]
[Round "3"]
[White "Odegov,Artem"]
[Black "Nakamura,Hi"]
[Result "0-1"]
[WhiteElo "2261"]
[BlackElo "2802"]

1.d4 g6 2.e4 c6 3.Nf3 d5 4.exd5 cxd5 5.c4 Nf6 6.Nc3 dxc4 7.Bxc4 Bg7 8.O-O O-O
9.h3 Nc6 10.d5 Na5 11.Bb3 b6 12.Re1 Bb7 13.Bg5 h6 14.Bxf6 exf6 15.Qd3 Nxb3
16.axb3 f5 17.Rad1 Qd6 18.Nd4 a6 19.Qf3 b5 20.Nc6 Rae8 21.h4 h5 22.g3 Bf6
23.Kg2 Kg7 24.Na5 Ba8 25.Nc6 Rc8 26.Ra1 Rxc6 27.dxc6 Bxc6 28.Ne4 Bxe4 29.Rxe4 fxe4
30.Qxe4 Rd8 31.Kh2 Qd4 32.Qe2 Qxb2 33.Qxb2 Bxb2 34.Rxa6 Rd2 35.Kg2 Bd4 36.b4 Rxf2+
37.Kh3 Rb2 38.Rd6 Bg1 39.g4 hxg4+ 40.Kg3 f5 41.Rd7+ Kf6 42.Kf4 Rxb4+ 43.Kg3 Rb2
44.Kf4 Re2 45.Rd6+ Re6 46.h5 Bh2+  0-1

[Event "Titled Tue 3rd Dec Late"]
[Site "chess.com INT"]
[Date "2024.12.03"]
[Round "3"]
[White "Korchmar,V"]
[Black "Nakamura,Hi"]
[Result "0-1"]
[WhiteElo "2429"]
[BlackElo "2802"]

1.d4 g6 2.e4 Bg7 3.Nc3 c5 4.d5 d6 5.Bb5+ Nd7 6.a4 a6 7.Be2 Ngf6 8.Nf3 O-O
9.O-O Ne8 10.Bf4 Nc7 11.Re1 Rb8 12.a5 b5 13.axb6 Nxb6 14.Qd2 Bg4 15.b3 Nb5
16.Nxb5 axb5 17.Bh6 Bxa1 18.Rxa1 Re8 19.Ng5 Bxe2 20.Qxe2 Nd7 21.f4 c4 22.e5 Qb6+
23.Kh1 dxe5 24.fxe5 Qd4 25.Re1 Qxe5 26.Qxe5 Nxe5 27.Rxe5 f6  0-1

[Event "Titled Tue 3rd Dec Late"]
[Site "chess.com INT"]
[Date "2024.12.03"]
[Round "4"]
[White "Nakamura,Hi"]
[Black "Banusz,T"]
[Result "1-0"]
[WhiteElo "2802"]
[BlackElo "2574"]

1.b3 d5 2.Bb2 Bf5 3.d3 e6 4.Nd2 c6 5.g3 h6 6.Bg2 Nf6 7.e4 Bh7 8.Qe2 Be7 9.Nh3 a5
10.a3 Na6 11.O-O O-O 12.Nf4 Re8 13.h4 Bf8 14.e5 Nd7 15.Rfd1 Qb6 16.Rab1 Bc5
17.Nf3 Bf8 18.h5 Rac8 19.g4 Be7 20.Bc1 Kh8 21.Nh3 f6 22.Bb2 Qc7 23.Re1 Nac5
24.b4 Na4 25.Ba1 axb4 26.axb4 Nab6 27.Nf4 fxe5 28.Nxe5 Nxe5 29.Nxe6 Qd7 30.Nxg7 Bf6
31.Nxe8 Rxe8 32.f4 d4 33.fxe5 Rxe5 34.Qf2 Qd6 35.Rf1 Re6 36.Rbe1 Bg7 37.Rxe6 Qxe6
38.Bxd4  1-0

[Event "Titled Tue 3rd Dec Early"]
[Site "chess.com INT"]
[Date "2024.12.03"]
[Round "4"]
[White "Nakamura,Hi"]
[Black "Rakhmanov,Ale"]
[Result "1-0"]
[WhiteElo "2802"]
[BlackElo "2585"]

1.b3 e5 2.Bb2 d6 3.g3 h5 4.h4 Nc6 5.Bg2 Bg4 6.c4 g6 7.Nc3 Bg7 8.d3 Nge7 9.Qd2 O-O
10.Nf3 a6 11.Ng5 f6 12.Nf3 Kh7 13.e3 Rb8 14.Rc1 Qd7 15.Nd5 Nd8 16.O-O c6
17.Nxe7 Qxe7 18.d4 Nf7 19.Nh2 Bd7 20.f3 f5 21.f4 e4 22.Rfd1 Rfd8 23.Nf1 c5
24.Qc2 Bc6 25.Nd2 cxd4 26.exd4 d5 27.Nf1 Nh6 28.Bh3 b5 29.cxd5 Bxd5 30.Ne3 Rb7
31.Qe2 Rbd7 32.Rd2 Bf7 33.Rcd1 Qb4 34.Kh2 Rd6 35.Ba1 Rc8 36.d5 Bxa1 37.Rxa1 Rc3
38.Rc2 Rxc2 39.Qxc2 Qd4 40.Re1 Qb6 41.Qd2 Kg7 42.Rd1 Kh7 43.b4 Ng8 44.Qc3 Ne7
45.Qe5 Qd8 46.Rd2 Kg8 47.a3 Nxd5 48.Bxf5 gxf5 49.Nxf5 Rg6 50.Rxd5 Bxd5 51.Ne7+ Kh7
52.Qxh5+ Rh6 53.Qf5+ Kg7 54.Nxd5 Qd6 55.Qxe4 Re6 56.Qd4+ Kf7 57.Qd3 Ke8 58.h5 Re1
59.Kg2 Qc6 60.Qg6+ Qxg6 61.hxg6 Rd1 62.Nf6+ Kf8 63.f5 Kg7 64.Nh5+ Kh6 65.g4 Rd3
66.g7 Kh7 67.g5  1-0

[Event "Titled Tue 3rd Dec Late"]
[Site "chess.com INT"]
[Date "2024.12.03"]
[Round "5"]
[White "Nakamura,Hi"]
[Black "Ivic,Velimir"]
[Result "1-0"]
[WhiteElo "2802"]
[BlackElo "2620"]

1.b3 e5 2.Bb2 Nc6 3.e3 d5 4.Bb5 Ne7 5.Bxe5 a6 6.Bxc6+ Nxc6 7.Bb2 Qg5 8.Kf1 Bg4
9.Nf3 Qh5 10.h3 O-O-O 11.d3 d4 12.Kg1 Be6 13.e4 g5 14.Nbd2 Rg8 15.Nf1 Qg6
16.Ng3 h5 17.a3 h4 18.Nf1 f5 19.exf5 Bxf5 20.N1h2 Bd6 21.Ng4 Qg7 22.b4 Rde8
23.Bc1 Qe7 24.Bd2 Qe6 25.Nxg5 Qg6 26.f4 Ne7 27.Qf3 Bd7 28.Ne4 Nf5 29.Ngf6 Ng3
30.Nxe8 Qxe8 31.Re1 Qf8 32.Kh2 Bc6 33.Rhf1 Nf5 34.Rf2 Rg3 35.Qh5 Kb8 36.Nxd6 cxd6
37.Ree2 Ka7 38.c4 Ne3 39.b5 Bxg2 40.Rxg2 Nxg2 41.Rxg2 Qg7 42.Qe2 a5 43.Bxa5 b6
44.Be1  1-0

[Event "Titled Tue 3rd Dec Early"]
[Site "chess.com INT"]
[Date "2024.12.03"]
[Round "5"]
[White "Makarian,Rudik"]
[Black "Nakamura,Hi"]
[Result "1/2-1/2"]
[WhiteElo "2547"]
[BlackElo "2802"]

1.d4 g6 2.c4 Bg7 3.Nf3 d6 4.Nc3 c6 5.e4 Bg4 6.Be2 Nd7 7.O-O e5 8.d5 c5 9.Ne1 Bxe2
10.Qxe2 Ne7 11.g3 O-O 12.Ng2 f5 13.f4 fxe4 14.Nxe4 Nf5 15.Bd2 exf4 16.Nxf4 Nd4
17.Qg2 Ne5 18.Ne6 Nxe6 19.dxe6 Qe7 20.Ng5 Bf6 21.Ne4 Qxe6 22.Nxf6+ Rxf6 23.Rxf6 Qxf6
24.Rf1 Qe7 25.Qd5+ Kg7 26.Bg5 Qxg5 27.Qxb7+ Kh6 28.Qxa8 Nxc4 29.Qf8+ Kh5
30.Qf3+ Kh6 31.h4 Qe5 32.g4 Qe3+ 33.Qxe3+ Nxe3 34.Rf7 a5 35.g5+ Kh5 36.Rxh7+ Kg4
37.Rg7 Kh5 38.Rh7+ Kg4 39.Rg7 Kh5 40.Ra7 Kxh4 41.Rxa5 Kxg5 42.Rb5 d5 43.Rxc5 Kf4
44.Kf2 d4 45.Ke2 g5 46.Kd3 g4 47.Rc8 g3 48.Rf8+ Nf5 49.Rg8 Kf3 50.Rg5 Kf4
51.Rg8 Kf3 52.a4 g2 53.Rxg2 Kxg2 54.a5 Ne7 55.a6 Nc6 56.Kc4 d3 57.Kxd3 Nb4+
58.Kc4 Nxa6 59.b4 Nxb4  1/2-1/2

[Event "Titled Tue 3rd Dec Early"]
[Site "chess.com INT"]
[Date "2024.12.03"]
[Round "6"]
[White "Nakamura,Hi"]
[Black "Bjerre,Jonas Buhl"]
[Result "1-0"]
[WhiteElo "2802"]
[BlackElo "2642"]

1.b3 c5 2.Bb2 Nc6 3.Nf3 Nf6 4.e3 g6 5.Bxf6 exf6 6.g3 d5 7.d4 cxd4 8.Nxd4 Bd6
9.c3 h5 10.Bg2 Bg4 11.Qd2 h4 12.h3 Bd7 13.Nb5 Bb8 14.g4 f5 15.gxf5 Bxf5 16.Qxd5 Qe7
17.Nd2 Rh5 18.Qf3 Be5 19.Nc4 a6 20.Nd4 Nxd4 21.cxd4 Bxd4 22.Rd1 Bc3+ 23.Kf1 Bc2
24.Qxb7 Qxb7 25.Bxb7 Rb8 26.Bc6+ Kf8 27.Rd7 Rc5 28.Bf3 Bf5 29.Ra7 Bd3+ 30.Be2 Be4
31.f3 Bb7 32.Kf2 Bb4 33.a3 Rxc4 34.Bxc4 Bc5 35.Rxb7 Rxb7 36.b4 Bd6 37.Rd1 Ke7
38.Rd5 Rc7 39.Bxa6 Rc2+ 40.Be2 Bg3+ 41.Kf1 Rc3 42.Rd3 Rc1+ 43.Bd1 Ra1 44.a4 Bd6
45.b5 Bc5 46.Ke2 Ra2+ 47.Rd2 Ra3 48.Rd3 Ra2+ 49.Kf1 Rh2 50.a5 Rh1+ 51.Kg2 Re1
52.Kf2 Rh1 53.b6 Rxh3 54.Rc3 Bd6 55.a6 Rh2+ 56.Kf1 Rh1+ 57.Ke2 h3 58.a7 Rh2+
59.Kd3 Ra2 60.Rc2 Ra3+ 61.Kc4 h2 62.Rxh2 Bxh2 63.f4 Bg1 64.b7 Rxa7 65.b8=Q Rd7
66.Qe5+ Kd8 67.Qg5+ Kc7 68.Qxg1  1-0

[Event "Titled Tue 3rd Dec Late"]
[Site "chess.com INT"]
[Date "2024.12.03"]
[Round "6"]
[White "Bortnyk,Olexandr"]
[Black "Nakamura,Hi"]
[Result "1/2-1/2"]
[WhiteElo "2603"]
[BlackElo "2802"]

1.e4 c5 2.Nf3 g6 3.g3 Bg7 4.Bg2 Nc6 5.O-O Nf6 6.Nc3 O-O 7.d3 d6 8.Bd2 Rb8
9.a4 a6 10.Qc1 Re8 11.Bh6 Bh8 12.h3 b5 13.axb5 axb5 14.Rd1 b4 15.Ne2 Nd7
16.c3 bxc3 17.bxc3 Bb7 18.Qe3 Ra8 19.Rab1 Ba6 20.d4 cxd4 21.cxd4 Rb8 22.Rbc1 Qb6
23.Nf4 e6 24.d5 Nce5 25.dxe6 Qxe3 26.fxe3 Nxf3+ 27.Bxf3 Ne5 28.Bg4 Nxg4 29.hxg4 fxe6
30.Rxd6 Bc8 31.Rcd1 Be5 32.Rd8 Bb7 33.Rxb8 Bxb8 34.Rd7 Bxe4 35.Nh3 g5 36.Rg7+ Kh8
37.Nxg5 Bg6 38.Kg2 Be5 39.Nf7+ Bxf7 40.Rxf7 Kg8 41.Rd7 Rc8 42.Kf3 Rc7 43.Rd8+ Kf7
44.Bf4 Rc5 45.Rd7+ Kf6 46.Rxh7 Bb2 47.Rh6+ Kf7 48.Rh7+ Kf6 49.Rh6+ Kf7 50.Rh5 Rc2
51.Rh7+ Kg6 52.Rh6+ Kf7 53.Rh7+ Kg6 54.Rh6+ Kf7 55.Rh5 Bf6 56.Bg5 Bg7 57.Bh4 Rc4
58.Rb5 e5 59.Bd8 Rc8 60.Rb7+ Kg6 61.Rb6+ Kf7 62.Bh4 Rc4 63.Bd8 Rc8 64.Bg5 Rc4
65.Bh4 Rc8 66.Ke4 Rc1 67.Rb7+ Kg6 68.Rb6+ Kh7 69.g5 Rf1 70.g6+ Kh6 71.g4 Rg1
72.Kf5 Rf1+ 73.Ke4 Rg1 74.Kf3 Rf1+ 75.Kg2 Ra1 76.Bg3 Ra4 77.Kf3 Rc4 78.Re6 Rc5
79.Ke4 Ra5 80.Bxe5 Bxe5 81.Rxe5 Ra1 82.Re6 Rg1 83.Kf3 Rf1+ 84.Kg3 Kg7 85.e4 Kh6
86.e5 Kg7 87.Kg2 Rf4 88.Kg3 Rf1 89.Kh4 Kh6 90.Rf6 Rh1+ 91.Kg3 Kg7 92.Rc6 Rf1
93.Kh4 Kh6 94.g7+ Kxg7 95.Kg5 Re1 96.Rc7+ Kf8 97.Kf6 Rf1+ 98.Ke6 Rg1 99.Rf7+ Kg8
100.Rf4 Kg7 101.Kf5 Ra1 102.g5 Rb1 103.g6 Re1 104.Rg4 Ra1 105.Ke6 Ra6+ 106.Kf5 Ra5
107.Rg3 Ra1 108.Rg4 Rf1+ 109.Rf4 Ra1 110.Re4 Rf1+ 111.Rf4 Ra1 112.Rf3 Rb1
113.Rf2 Rc1 114.Rg2 Ra1 115.e6 Ra5+ 116.Kf4 Ra6 117.Ke5 Ra5+ 118.Kd6 Ra6+
119.Kd7 Ra7+ 120.Kd8 Ra8+ 121.Kc7 Ra7+ 122.Kd8 Ra8+ 123.Kd7 Ra7+ 124.Kd6 Ra6+
125.Kd5 Ra5+ 126.Kd4 Ra4+ 127.Ke5 Ra5+ 128.Kf4 Ra4+ 129.Kf5 Ra5+ 130.Ke4 Ra4+
131.Kd5 Ra5+ 132.Kd6 Ra6+  1/2-1/2

[Event "Titled Tue 3rd Dec Early"]
[Site "chess.com INT"]
[Date "2024.12.03"]
[Round "7"]
[White "Nakamura,Hi"]
[Black "Giri,A"]
[Result "1/2-1/2"]
[WhiteElo "2802"]
[BlackElo "2733"]

1.b3 Nf6 2.Bb2 c5 3.Nf3 Nc6 4.e3 g6 5.Bxf6 exf6 6.c3 d5 7.d4 cxd4 8.Nxd4 Bg7
9.g3 O-O 10.Bg2 Nxd4 11.cxd4 Be6 12.Nc3 Rc8 13.Qd2 Qd6 14.O-O f5 15.Rfc1 Bf6
16.a3 Kg7 17.b4 Rfd8 18.Rc2 Qd7 19.Rac1 Rc6 20.Ne2 Rxc2 21.Qxc2 g5 22.f4 g4
23.Kf2 Be7 24.Qc7 Bd6 25.Qc2 Qe7 26.Qb3 Bb8 27.Nc3 Qd7 28.Na4 b6 29.Bf1 h5
30.Nb2 h4 31.Nd3 Rh8 32.Bg2 h3 33.Bf1 Rc8 34.Qb2 Kf6 35.Ke1 Ke7 36.Kd2 Rxc1
37.Nxc1 Qc6 38.Na2 Bd6 39.Nc3 a5 40.b5 Qb7 41.Bd3 Kf6 42.Qb3 Kg7 43.Kc2 Qa8
44.Kb2 Qf8 45.Bb1 Qe7 46.Ba2 Kg6 47.a4 Bb4 48.Nxd5 Qd6 49.Qc4 Bxd5 50.Qxd5 Qxd5
51.Bxd5 Bd2 52.e4 fxe4 53.Bxe4+ f5 54.Bc6 Be3 55.d5 Bg1 56.d6 Kf6 57.Bd7 Bxh2
58.Bxf5 Bxg3 59.d7 Ke7 60.Bxg4 h2 61.Bf3 Bxf4 62.Bc6 Kd8 63.Kc3 Bc7 64.Kd3 Ke7
65.Ke2 Kd6 66.Kd3 Kc5 67.Kc3 Bd8 68.Bh1 Bf6+ 69.Kb3 Kd4 70.Bg2 Bd8 71.Bh1 Ke5
72.Kc4 Kd6 73.Bc6 Ke5 74.Bh1 Be7 75.Bc6 Bf6 76.Bh1 Bd8 77.Bc6 Be7 78.Bh1 Ke6
79.Bc6 Bf6 80.Kd3 Ke5 81.Kc4 Bd8 82.Bh1  1/2-1/2

[Event "Titled Tue 3rd Dec Late"]
[Site "chess.com INT"]
[Date "2024.12.03"]
[Round "7"]
[White "Nakamura,Hi"]
[Black "Kramnik,V"]
[Result "1-0"]
[WhiteElo "2802"]
[BlackElo "2753"]

1.b3 Nf6 2.Bb2 d5 3.d3 g6 4.g3 Bg7 5.Bg2 O-O 6.Nf3 c5 7.O-O Nc6 8.Ne5 Nxe5
9.Bxe5 Be6 10.c4 Qd7 11.Nd2 Rac8 12.Rc1 b6 13.Re1 Rfd8 14.Qc2 Ng4 15.Bxg7 Kxg7
16.Qb2+ Nf6 17.cxd5 Bxd5 18.Nf3 Bxf3 19.Bxf3 Qd4 20.Qa3 a5 21.Rc4 Qe5 22.Rec1 Rd4
23.Qa4 Rcd8 24.Qb5 R8d6 25.a3 g5 26.R4c2 h5 27.Bc6 Qe6 28.Bg2 Qf5 29.Rc4 Ng4
30.Rf1 Qf6 31.Rxd4 Qxd4 32.Qc4 Qb2 33.Qc1 Qxc1 34.Rxc1 Ne5 35.b4 cxb4 36.axb4 axb4
37.Rb1 Rd4 38.Be4 g4 39.Kg2 e6 40.e3 Rd6 41.d4 Nc6 42.Kf1 f5 43.Bc2 Kf6 44.Ba4 Ne7
45.Rxb4 Nd5 46.Rc4 e5 47.Be8 h4 48.gxh4 Ne7 49.dxe5+ Kxe5 50.Rb4 Kf6 51.Kg2 Re6
52.Rb5 Rd6 53.Rb3 Re6 54.Bb5 Rd6 55.Bc4 Ng6 56.Kg3 Ne5 57.Be2 Nd7 58.Rb2 Nc5
59.Kg2 Ne6 60.h3 gxh3+ 61.Kxh3 f4 62.Kg4 fxe3 63.fxe3 Rc6 64.Rb3 Nc5 65.Rb4 Re6
66.Kf3 Rd6 67.Bb5 Re6 68.Rf4+ Kg6 69.Ke2 Re5 70.Bc6 Rh5 71.Be8+ Kh6 72.Bxh5 Kxh5
73.Kf3 Kg6 74.Rb4 Nd7 75.Rd4 Ne5+ 76.Ke4 Nf7 77.Rb4 Kh5 78.Rxb6 Kxh4 79.Kf4 Kh5
80.e4  1-0

[Event "Titled Tue 3rd Dec Early"]
[Site "chess.com INT"]
[Date "2024.12.03"]
[Round "8"]
[White "Aravindh,Chithambaram VR."]
[Black "Nakamura,Hi"]
[Result "0-1"]
[WhiteElo "2718"]
[BlackElo "2802"]

1.c4 g6 2.g3 Bg7 3.Bg2 d6 4.Nf3 Bd7 5.h4 h6 6.Nc3 c5 7.d4 cxd4 8.Nxd4 Nc6
9.Be3 Nf6 10.Nb3 Ng4 11.Bd2 a5 12.O-O a4 13.Nc1 Nce5 14.c5 dxc5 15.Bxb7 Rb8
16.Bg2 Rxb2 17.Ne4 O-O 18.Bc3 a3 19.Nxc5 Bb5 20.N1b3 Bxe2 21.Qxd8 Rxd8 22.Rfe1 Nd3
23.Bxg7 Kxg7 24.Nxd3 Bxd3 25.Rxe7 Rxf2 26.Bh3 Rf3 27.Kg2 Re3 28.Re1 Rxe1
29.Rxe1 Nf6 30.Re7 Bc4 31.Ra7 Rd3 32.Rxa3 Ne4 33.g4 Rc3 34.Kh2 Rc2+ 35.Kg1 Rc3
36.Bg2 Nf6 37.g5 Ng4 38.gxh6+ Kxh6 39.Be4 Rg3+ 40.Kh1 Nf2+ 41.Kh2 Nxe4 42.Ra4 Rc3
43.Na5 Bd5 44.Rd4 Nf6 45.a4 Rc5  0-1

[Event "Titled Tue 3rd Dec Late"]
[Site "chess.com INT"]
[Date "2024.12.03"]
[Round "8"]
[White "Martinez Alcantara,Jose Eduardo"]
[Black "Nakamura,Hi"]
[Result "0-1"]
[WhiteElo "2598"]
[BlackElo "2802"]

1.e4 c5 2.Nf3 g6 3.c3 d5 4.e5 Bg4 5.d4 Nc6 6.Bb5 Qb6 7.Bxc6+ bxc6 8.Nbd2 cxd4
9.cxd4 Qb5 10.Qb3 e6 11.h3 Bf5 12.Qxb5 cxb5 13.Nb3 a5 14.Bd2 b4 15.Rc1 Bd3
16.Nc5 Bb5 17.a4 bxa3 18.bxa3 Ne7 19.Nb7 Nc6 20.Rb1 Bd3 21.Rb6 Kd7 22.Nc5+ Bxc5
23.dxc5 Rhb8 24.Be3 Be4 25.Ng5 Nxe5 26.Nxe4 dxe4 27.Ke2 Nc4 28.Rd1+ Kc7 29.Rc1 Nxe3
30.Kxe3 Rxb6 31.cxb6+ Kxb6 32.Kxe4 Rd8 33.Rc3 Rd5 34.g4 f5+ 35.Kf4 h6 36.f3 g5+
37.Ke3 Re5+ 38.Kf2 f4 39.Rd3 Kc7 40.Rc3+ Kd7 41.h4 Rd5 42.hxg5 hxg5 43.Rc4 Kd6
44.a4 Rc5 45.Rd4+ Ke5 46.Rd8 Rc4 47.Rg8 Kf6 48.Rf8+ Kg7 49.Ra8 Rxa4 50.Ke2 Ra3
51.Ra6 Kf6 52.Ra8 a4 53.Ra5 Re3+ 54.Kf2 a3 55.Rb5 e5 56.Rb6+ Kf7 57.Ra6 Ke7
58.Kg2 Kd7 59.Kf2 Kc7 60.Rxa3 Rxa3  0-1